000 00689nam a2200205Ia 4500
001 15702
003 GE_BSU
008 181216s||||||||xx |||||||||||||| ||und||
040 _cGE_BSU
080 _a821.353.1-1
100 _aწერეთელი, ა.
245 _aასი ლექსი
245 _cრედ. და წინასიტყვაობა სიმონ ჩიქოვანისა. მხ. ლადო გრიგოლია
260 _aთბილისი
260 _bსაბჭ. მწერალი
260 _c1960
300 _a259გვ. : 1ფ. პორტრ. ; 17სმ.
653 _aასი ლექსი
942 _cBK
999 _c48800
_d48800